Mis Quiz Stats

 Plays Quiz Updated Jul 8, 2013

Also try: Dis Quiz
Challenge
Share
Tweet
Embed
Score 0/25 Timer 04:00
1 Play Today
Clue Mis Word % Correct
Act in an inappropriate way (9)Misbehave
97%
Sporcle category; various and sundry (13)Miscellaneous
94.2%
Give someone the wrong idea (7)Mislead
93.7%
Put something where you cannot find it (8)Misplace
93.3%
Form a wrong opinion about (8)Misjudge
92.8%
Bad luck or a series of bad events (10)Misfortune
91.7%
Run a company in a poor manner (9)Mismanage
91.6%
Minor wrongdoing below a felony (11)Misdemeanor
91.3%
Christmas plant (9)Mistletoe
91.3%
A projectile weapon (7)Missile
89.1%
A state of great unhappiness; Bates movie (6)Misery
88.6%
Incorrectly estimate the worth of (8)Misvalue
88%
'Speak softly and carry a large stick.' - TR (8)Misquote
78.9%
Clue Mis Word % Correct
A quarrel or disagreement (16)Misunderstanding
73%
A hodgepodge or jumble (8)Mishmash
70.8%
Transcribe incorrectly or carelessly (8)Miswrite
70.5%
Koala 'bear' or 'English' horn, e.g. (8)Misnomer
68.6%
Give a false impression to deceive (12)Misrepresent
65%
To understand or evaluate wrongly (12)Misinterpret
63.3%
Divide up into improper regions (7)Miszone
62.4%
Incorrectly attach oxen to plow (7)Misyoke
62.2%
Person who dislikes humankind (11)Misanthrope
61.6%
Hatred of women (8)Misogyny
60.4%
Feeling of doubt or suspicion (9)Misgiving
57.4%
Native tribe of Honduras & Nicaragua (7)Miskito
7.5%

You're not logged in!

Compare scores with friends on all Sporcle quizzes.
Join for Free
OR
Log In

You Might Also Like...

Show Comments

Extras

Top Quizzes Today


Score Distribution

Your Account Isn't Verified!

In order to create a playlist on Sporcle, you need to verify the email address you used during registration. Go to your Sporcle Settings to finish the process.

Report this User

Report this user for behavior that violates our Community Guidelines.

Details: